LIBRARY & INFORMATION CENTRE, KCAET, TAVANUR

ONLINE PUBLIC ACCESS CATALOGUE (OPAC)

Data structures and program design / (Record no. 15428)

MARC details
000 -LEADER
fixed length control field 00514cam a2200169 a 4500
020 ## - INTERNATIONAL STANDARD BOOK NUMBER
ISBN 0132081822
082 00 - DEWEY DECIMAL CLASSIFICATION NUMBER
Classification number 005.12
Item number KRU/DA
100 1# - MAIN ENTRY--AUTHOR NAME
Personal name Kruse, Robert L.
245 10 - TITLE STATEMENT
Title Data structures and program design /
250 ## - EDITION STATEMENT
Edition statement 2nd ed.
260 ## - PUBLICATION, DISTRIBUTION, ETC. (IMPRINT)
Place of publication Englewood Cliffs, N.J. :
Name of publisher Prentice Hall,
Year of publication c1994.
300 ## - PHYSICAL DESCRIPTION
Number of Pages xiv, 689 p. :
Other physical details col. ill. ;
650 #0 - SUBJECT ADDED ENTRY--TOPICAL TERM
Topical Term Computer programming.
650 #0 - SUBJECT ADDED ENTRY--TOPICAL TERM
Topical Term Data structures (Computer science)
650 #0 - SUBJECT ADDED ENTRY--TOPICAL TERM
Topical Term Pascal (Computer program language)
942 ## - ADDED ENTRY ELEMENTS (KOHA)
Koha item type Books
Holdings
Withdrawn status Lost status Damaged status Home library Current library Date acquired Cost, normal purchase price Full call number Accession Number Koha item type
      KAUAET KAUAET 29/05/2018 225.00 005.12 KRU/DA BB 379 Book Bank scheme for SC students
free website counter